LEADER 01504nam a2200349 a 4500 001 000000137314 003 CaOOAMICUS 005 20140212141131.0 008 140212s1994 it u000 u ita r 020 $a88-420-4509-8 040 $aPUL$bita 245 03$aLa stampa italiana nell'etą della TV :$b1975-1994 /$ca cura di Valerio Castronovo e Nicola Tranfaglia ; Alberto Abruzzese ... [et al.]. 260 $aRoma ;$aBari :$bLaterza,$c©1994. 300 $aXI, 633 p. ;$c21 cm 490 1 $aStoria e societą 490 1 $aStoria della stampa italiana ;$v07 500 $aInclude indice. 504 $aBibliografia in nota. 650 4$aStampa$xStoria.$0(OLS)http://pul/subject/20028 700 1 $aTranfaglia, Nicola,$d1938-$0(OLS)http://pul/name/446 700 1 $aCastronovo, Valerio,$d1935-$0(OLS)http://pul/name/4302 700 1 $aAbruzzese, Alberto.$0(OLS)http://pul/name/43353 830 0$aStoria e societą (Laterza).$0(OLS)http://pul/title/761 830 0$aStoria della stampa italiana ;$v07.$0(OLS)http://pul/title/173828 850 $aPUL 852 $aPUL$W1$xDP1 Fondo E. Rossi$y115$m6 A 23$j42563$qFondi$B157823$CPULBib$Z2$F157823 $82 941 1 $a1 961 $aSul dorso collocazione ms. di E. Rossi: Com G C 2 996 $6020$a88-420-4509-8$9(OLS)http://pul/number/154452 996 $6245$aLa stampa italiana nell'etą della TV :$b1975-1994$9(OLS)http://pul/title/173833 996 $6260$aRoma ;$aBari :$bLaterza$9(OLS)http://pul/publisher/57682 LEADER 01216nam a2200253 a 4500 001 000000165559 003 CaOOAMICUS 005 20180130143320.0 008 180130s1936 xxuf 000 u eng r 032 $aLibriCat 040 $aPUL$bita 100 1 $aCooper, John M.$q(John Madison),$d1939-$0(OLS)http://pul/name/34461 245 10$aNotes on the Ethnology of the Otchipwe of Lake of the Woods and Rainy Lake / $cJohn M. Cooper. 260 $aWashington, D.C. :$bThe Catholic University of America,$c1936. 300 $a29 p. :$btav. ;$c24 cm. 502 $aEstratto da Tesi : The Catholic University of America. Antropological series. 1936. 504 $aBibliografia in nota a pič pagina. 650 4$aEtnologia.$0(OLS)http://pul/subject/4615 710 2 $aCatholic University of America.$kTesi.$0(OLS)http://pul/name/106692 850 $aPUL 852 $aPUL$W1$xDP1 Tesi Univ. Washington$y50$mTH WAS 1$j189860$qTesi$B192893$CPULBib$Z2$F192893 $81 996 $6245$aNotes on the Ethnology of the Otchipwe of Lake of the Woods and Rainy Lake / $9(OLS)http://pul/title/205241 996 $6260$aWashington, D.C. :$bThe Catholic University of America$9(OLS)http://pul/publisher/62694